LEADER 00645naa a2200145 i 4500 001 000000304407 003 CaOOAMICUS 005 20180831172818.0 008 180831n it u000 u ita u 013 $a12238 040 $aSeMil$bita 100 1 $aPista .$0(OLS)http://semarc/name/47353 245 13$aLa responsabilità dei cristiani nell'antisemitismo, in venti secoli di storia. 773 0 $aSchlink, Maria Basilea$tIsraele, mio popolo.$dTerlizzi (Bari) : Insieme, copyr. 2001.$kSentieri$z88-87873-39-9$gp.[125]-162$w()113154 996 $6245$aLa responsabilità dei cristiani nell'antisemitismo, in venti secoli di storia$9(OLS)http://semarc/title/380220 LEADER 00951nam a2200265 i 4500 001 000000123908 003 CaOOAMICUS 005 20040326000000.0 008 040326s2002 it u000 u ita u 013 $a96604 020 $a88-315-2351-1 040 $aSeMil$bita 100 1 $aCasati, Angelo,$d<1931- >.$0(OLS)http://semarc/name/42937 245 13$aLa fede sottovoce /$cAngelo Casati. 260 $aMilano :$bPaoline,$c2002. 300 $a224 p. ;$c21 cm. 500 $aDono del Card. Dionigi Tettamanzi. 650 4$aMeditazioni.$0(OLS)http://semarc/subject/1352 850 $aSeMil 852 $aSeMil$W1$xVenegono$y1$m2C II 489$j78546$B78546$CSeMilBibl$Z2$F82499 $81 941 1 $a5 961 $aOmaggio: Tettamanzi Card. Dionigi 996 $6020$a88-315-2351-1$9(OLS)http://semarc/number/109553 996 $6245$aLa fede sottovoce$9(OLS)http://semarc/title/182263 996 $6260$aMilano :$bPaoline$9(OLS)http://semarc/publisher/29684